000 00571nam a2200217Ia 4500
005 20250505125033.0
008 008 250505s9999 xx 000 0 eng d
037 _aTextbook
040 _aLCO
_beng
_cLCO
041 _aeng
_2eng
084 _aX8(A):Z R4
_qLCO
100 _aMishra, S.N.
245 0 _aLabour and industrial law
_cS.N. Mishra
250 _a30th
260 _aPrayagraj, India
_bCentral Law Publication
_c2024
300 _a1136
365 _aINR
_b980
650 _aLaw
942 _cTB
_hX8(A):Z R4
999 _c1311174
_d1311174